00680 a2200193 4500999001500000010001400015020002300029035001300052037001500065082001300080100001600093245007700109260004400186270004800230300004100278500001900319942003300338952011500371 c4187d4187 aENG-86120 a8120332072c350.00 aEN-69653 bDBAD / PUB14a005.27681 aSharp, John1 aMicrosoft windows communication foundation step by step /cby John Sharp aNew DelhibPrentice Hall of Indiac2007 aM-97, Cannaught Circus,bNew Delhie110 001 axxvi, 415 p.c23cm. (Pbk.)b+ CD Rom aIncludes index adplcEN2ddch005.2768m SHA 001040718NFICaDBADbDBADeDBAD/PUBg350.00l0o005.2768 SHApEN-69653r2008-09-15 00:00:00t1v350.00yEN